| 000 | 00495pab a2200169 454500 | ||
|---|---|---|---|
| 008 | 180718b2017 xxu||||| |||| 00| 0 eng d | ||
| 100 | _aKumar, K. Sunil | ||
| 245 | _aSocial status, identity and public sphere: a discourse on the transgender sections in Kerala | ||
| 260 | _c2017 | ||
| 300 | _ap.291-302. | ||
| 362 | _aJul-Sep | ||
| 650 | _aSocial status | ||
| 650 | _aTransgender - India - Kerala | ||
| 650 | _aTransgender | ||
| 773 | _aSocial Science in Perspective | ||
| 909 | _a116277 | ||
| 999 |
_c116271 _d116271 |
||